000 00560nam a2200205Ia 4500
005 20250508165707.0
008 008 250505s9999 xx 000 0 hin d
037 _aTextual
040 _aFEDL
_beng
_cFEDL
041 _ahin
_2eng
084 _a510, MUL
_qFEDL
100 _aMuley Gunakar
_9398672
245 0 _aSansar ke mahan ganitajna
260 _aDelhi, India
_bRajkamal Prakashan Private Limited
_c1992
300 _aRs. 423p.
365 _aINR
_b80
546 _aCSEC library
942 _cTEXL
_h510, MUL
999 _c1396803
_d1396803